| 000 | 00380nam a22001577a 4500 | ||
|---|---|---|---|
| 003 | NUST - PNEC | ||
| 005 | 20170116181009.0 | ||
| 008 | 150913b xxu||||| |||| 00| 0 eng d | ||
| 020 | _a155615481X | ||
| 040 | _cLIBRARY | ||
| 082 | _a005.4469 CUT | ||
| 100 |
_910046 _aCutler, D. N. |
||
| 245 | _aInside windows nt | ||
| 650 |
_910051 _aInside windows _xMS COM |
||
| 942 |
_2ddc _cBK |
||
| 999 |
_c67022 _d67022 |
||